000 00700pam a2200253 4500
001 3132605
003 GBCCL
005 20241126110410.0
008 720725s1972 nju b 000 0 eng
010 _a 72006536
020 _a0130830895
040 _aDLC
_cDLC
_dDLC
050 0 0 _aBX8763
_b.D87
082 0 0 _a289.94
_bDUR
100 1 _aDurasoff, Steve.
_93867
245 1 0 _aBright wind of the spirit: Pentecostalism today.
260 _aEnglewood Cliffs, N.J.,
_bPrentice-Hall
_c[1972]
300 _a277 p.
_c22 cm.
350 _a$6.95
504 _aBibliography: p. 271-272.
650 0 _aPentecostalism.
_93004
906 _a7
_bcbc
_corignew
_d1
_eocip
_f19
_gy-gencatlg
942 _2ddc
_cBK
_01
999 _c1849
_d1849